[Event "FIDE World Cup 2017"]
[Site "Tbilisi"]
[Date "2017.09.05"]
[Round "1.3"]
[White "Melkumyan, Hrant"]
[Black "Grachev, Boris"]
[Result "1/2-1/2"]
[WhiteElo "2642"]
[BlackElo "2654"]
[Annotator "TA"]
[PlyCount "133"]
[EventDate "2017.??.??"]
[EventType "k.o."]
[EventCountry "GEO"]
[SourceTitle "playchess.com"]
[Source "ChessBase"]
[SourceQuality "1"]

{[%evp 15,133,0,0,-6,39,-7,-8,-5,-12,-19,-16,-17,14,19,13,20,45,52,30,32,90,85,69,78,65,79,80,28,95,85,99,97,77,96,85,58,107,110,110,100,100,14,19,19,14,14,22,11,21,15,54,59,90,28,43,39,243,277,318,307,295,259,263,229,371,407,382,49,58,0,0,0,59,70,84,14,80,0,0,0,0,0,0,0,0,0,580,0,0,0,418,106,361,361,361,361,361,361,354,112,182,0,0,0,0,0,0,0,0,0,0,0,0,0,0,0,0,0,0,0]} 1. c4 e6 2. g3 d5 3. Bg2 Nf6 4. d4 dxc4 5. Nf3 c5 6. O-O Nc6 7. Na3 cxd4 8. Nxc4 Bc5 {LiveBook: 38 Games. E04: Open Catalan: 5 Nf3} 9. b3 (9. a3 a5 10. Bd2 O-O 11. Rc1 Bd6 12. Nxd6 Qxd6 13. e3 e5 14. exd4 Bg4 15. h3 Bxf3 16. Bxf3 Nxd4 {½-½ (48) Eljanov,P (2760)-Giri,A (2798) Wijk aan Zee 2016}) 9... Qe7 $146 ({Predecessor:} 9... O-O 10. Bb2 Rb8 11. Nfe5 Bd7 12. Rc1 Rc8 13. Qd2 Nxe5 14. Nxe5 Qb6 15. Rfd1 Rfd8 16. Qf4 {½-½ (52) Short,N (2697)-Turner,M (2521) England 2012}) 10. Nfe5 Nxe5 11. Nxe5 O-O 12. Bb2 Rd8 13. Rc1 Rb8 14. Qc2 Bb6 15. Rfd1 Nd7 16. Nc4 $1 $36 {[%cal Rc4b6][%mdl 2048] White fights for an advantage.} e5 17. e3 Nf6 (17... dxe3 $14 18. Nxe3 (18. Nxb6 axb6 19. fxe3 Ra8 $14) 18... Nf6) 18. Nxb6 $16 axb6 19. exd4 e4 20. d5 Bf5 21. Qc3 (21. Bxf6 $16 gxf6 22. Qc7) 21... h6 (21... Ra8 $11) 22. Qe5 Qxe5 23. Bxe5 Ra8 24. Bxf6 gxf6 25. a4 Rd6 26. Rd4 Re8 27. Re1 Bg6 28. Re3 (28. Bxe4 f5 $17) (28. f3 $16) 28... f5 $11 29. f3 Re5 30. Kf2 {[%cal Rf3e4]} Rexd5 31. Rxd5 Rxd5 32. fxe4 fxe4 33. Bxe4 {[%mdl 4096] Endgame KRB-KRB} Rd2+ {[#]} 34. Kf3 (34. Ke1 $1 $16 {[%cal Re1d2]} Rxh2 35. Bxg6 (35. Bxb7 Rc2 $14) 35... fxg6 36. Re6) 34... Bxe4+ 35. Rxe4 Rxh2 $2 {KR-KR} (35... b5 $14) 36. Rb4 $18 Rd2 37. Rxb6 Rd7 38. Ke4 Kg7 39. a5 h5 (39... Re7+ {keeps fighting.} 40. Kf5 h5) 40. b4 Re7+ 41. Kf4 $2 (41. Kf5 $18) 41... f6 $1 $14 42. Kf5 Re5+ 43. Kf4 Re7 44. Rd6 Kg6 45. Rd5 ({White should play} 45. b5 $16) 45... Rc7 (45... Rh7 $11 {remains equal.}) 46. Ke4 (46. b5 $16) 46... Rc3 47. Rb5 Rxg3 48. Rxb7 Ra3 49. Rb8 h4 50. Kd4 Kg7 $2 {[%mdl 8192]} (50... Kf5 $11) 51. Rb7+ Kg6 52. Rb8 Kg7 53. Rc8 $2 (53. Rd8 $18 Kg6 54. Kc5) 53... h3 $2 {[%mdl 8192]} (53... f5 $16 {was called for.}) 54. Rc2 $18 Kg6 {[#]} 55. Kc5 $1 Kg5 56. Kb6 Kg4 57. a6 $2 (57. b5 $18 {has better winning chances.}) 57... Kg3 $16 58. a7 $2 ({White should try} 58. b5 $18 Ra1 59. Rc3+ (59. a7 h2 $14) 59... Kg4 60. Rc8 (60. Rc2 Kg3 $14)) 58... h2 $11 {The position is equal.} 59. Rc1 {Kb7 is the strong threat.} Kg2 60. Kb7 h1=Q 61. Rxh1 Kxh1 {KR-KPP} 62. b5 f5 {[%cal Bf6f5,Bf5f4,Bf4f3,Bf3f2][%mdl 32]} 63. b6 {Black must now prevent Kc6.} f4 64. Kc8 {Strongly threatening b7.} f3 65. b7 Rxa7 66. b8=Q {And now Qg3 would win.} f2 {aiming for ...Rf7.} 67. Qxa7 {Precision: White = 45%, Black = 44%.} (67. Qf4 $5 {[%cal Rf4f2]} Kg1 68. Qg3+ Kf1 69. Kd8 $11) 1/2-1/2

[Event "FIDE World Cup 2017"]
[Site "Tbilisi"]
[Date "2017.09.05"]
[Round "1.3"]
[White "Tari, Aryan"]
[Black "Howell, David W L"]
[Result "1/2-1/2"]
[WhiteElo "2588"]
[BlackElo "2701"]
[Annotator "TA"]
[PlyCount "71"]
[EventDate "2017.??.??"]
[EventType "k.o."]
[EventCountry "GEO"]
[SourceTitle "playchess.com"]
[Source "ChessBase"]
[SourceQuality "1"]

{[%evp 19,71,12,18,6,6,6,6,6,11,6,12,12,6,14,16,18,21,0,0,0,0,0,0,0,25,14,18,10,22,22,22,22,25,17,20,20,20,6,6,0,8,9,25,24,28,3,7,14,10,0,10,0,13,0]} 1. d4 Nf6 2. c4 e6 3. Nf3 d5 4. Nc3 Be7 5. Bf4 O-O 6. e3 Nbd7 7. Be2 dxc4 {D37: Queen's Gambit Declined: 5 Bf4} 8. O-O c5 (8... a6 9. a4 c5 10. dxc5 Nxc5 11. Bxc4 Bd7 12. Ne5 Be8 13. a5 Ncd7 14. Nf3 Rc8 15. Be2 {1-0 (44) So,W (2773)-Caruana,F (2795) Saint Louis 2016}) 9. dxc5 Bxc5 10. Bxc4 a6 {LiveBook: 7 Games} 11. Ne5 Nxe5 12. Bxe5 Qxd1 13. Rfxd1 b5 14. Bd3 Bb7 15. Bxf6 gxf6 16. Be4 $146 Rab8 17. Bxb7 Rxb7 18. Ne4 Be7 19. Rac1 f5 20. Nc5 Ra7 21. Kf1 a5 (21... Rc8 $5 {[%cal Rc8c5]} 22. Nb3 Rac7 $11) 22. Ke2 a4 23. Nd3 Rd8 24. Ne5 {[#] Rxd8+ is the strong threat.} Rxd1 25. Kxd1 $11 {[%mdl 4096] Endgame KRB-KRN} Kg7 26. Rc8 Rb7 27. g3 Bd6 28. Nd3 Kf6 29. Rh8 Kg7 30. Rd8 Be7 31. Rc8 Kf6 32. h4 Bd6 {The position is equal.} 33. Rc6 Ke7 34. Rc8 Kf6 35. Rc6 Ke7 36. Rc8 {Precision: White = 49%, Black = 77%.} 1/2-1/2

[Event "FIDE World Cup 2017"]
[Site "Tbilisi"]
[Date "2017.09.05"]
[Round "1.3"]
[White "Kazhgaleyev, Murtas"]
[Black "Ivanchuk, Vassily"]
[Result "0-1"]
[WhiteElo "2570"]
[BlackElo "2727"]
[Annotator "TA"]
[PlyCount "74"]
[EventDate "2017.??.??"]
[EventType "k.o."]
[EventCountry "GEO"]
[SourceTitle "playchess.com"]
[Source "ChessBase"]
[SourceQuality "1"]

{[%evp 18,74,0,0,7,0,9,18,23,-60,-57,-52,-49,-59,-27,-49,-22,-38,-30,-116,-40,-69,0,-65,-54,-87,-70,-98,-84,-88,-63,-63,-63,-63,-61,-62,-60,-60,-61,-129,-116,-124,-119,-198,-192,-243,-229,-454,-467,-902,-1072,-992,-822,-2404,-2241,-29985,-29986,-29990,-29991]} 1. d4 d5 2. c4 e6 3. Nc3 c6 4. e3 Nf6 5. Nf3 Nbd7 6. Qc2 Bd6 7. b3 O-O 8. Bb2 Re8 9. Bd3 {D45: Semi-Slav: 5 e3} (9. h3 b6 10. g4 Bb7 11. g5 Ne4 12. Nxe4 dxe4 13. Qxe4 Bb4+ 14. Ke2 e5 15. Rd1 Qe7 16. Bg2 a5 17. Nxe5 {1-0 (40) Kovalenko,I (2680)-Motylev,A (2656) Tallinn 2016}) 9... Qe7 10. Rd1 {LiveBook: 4 Games} h6 11. h3 $146 {The position is equal.} ({Predecessor:} 11. e4 e5 12. cxd5 cxd5 13. O-O exd4 {½-½ (13) Izoria,Z (2466)-Arutinian,D (2390) Tbilisi 2001}) 11... dxc4 12. Bxc4 e5 {[%cal Be6e5,Be5e4][%mdl 32]} 13. Be2 (13. Nh4 $11) 13... e4 $1 $15 {[%cal Re4f3]} 14. Nd2 Nb6 15. Nc4 Bf5 16. g4 Bh7 17. h4 Nfd5 18. g5 (18. Nxd5 $11 {keeps the balance.} Nxd5 19. Nxd6 Qxd6 20. Qc5) 18... hxg5 ({Black should play} 18... Nb4 $1 $17 {[%cal Rb4c2]} 19. Qb1 Nd3+ 20. Rxd3 Nxc4 21. bxc4 exd3 22. Bxd3 Bxd3 23. Qxd3 h5) 19. hxg5 Bb4 (19... Nb4 $15 20. Qb1 Nxc4 21. bxc4 Nd3+ 22. Rxd3 exd3 23. Bxd3 Bxd3 24. Qxd3 Qxg5) 20. Rg1 ({White should try} 20. Kd2 $11) 20... Rad8 21. Kf1 Bf5 22. Rg3 Nxc4 23. bxc4 Nxc3 24. Bxc3 Bd6 $36 {[%mdl 2048] Black has the initiative.} 25. Rg1 Bh2 26. Rh1 Bh3+ $1 27. Ke1 Qxg5 {...Qg2 is the strong threat.} 28. Kd2 (28. Bf1 $1 $15 Bxf1 29. Kxf1) 28... Qg2 $17 29. Kc1 {[#]} Rd6 $1 30. Kb1 {[#]} (30. Kb2 $17 {was necessary.}) 30... Rf6 $1 $19 ({Worse is} 30... Qxf2 31. Bh5 $18) 31. f4 (31. Rhe1 $142) 31... exf3 32. Bd3 $2 (32. Bxf3 {was forced.} Qxc2+ 33. Kxc2) 32... f2 33. Rhf1 (33. d5 $142 Rh6 34. Bd4) 33... Rxe3 34. Kb2 Qf3 35. d5 Bxf1 36. Bxf1 {[#]} Rxc3 $1 37. Qxc3 Qxd1 {Precision: White = 26%, Black = 63%.} 0-1

[Event "FIDE World Cup 2017"]
[Site "Tbilisi"]
[Date "2017.09.05"]
[Round "1.3"]
[White "Gonzalez Vidal, Yuri"]
[Black "Harikrishna, P."]
[Result "1/2-1/2"]
[WhiteElo "2547"]
[BlackElo "2741"]
[Annotator "TA"]
[PlyCount "160"]
[EventDate "2017.??.??"]
[EventType "k.o."]
[EventCountry "GEO"]
[SourceTitle "playchess.com"]
[Source "ChessBase"]
[SourceQuality "1"]

{[%evp 23,160,0,28,50,43,28,24,14,14,14,22,10,35,0,0,-22,-30,-12,0,-8,-3,-8,-7,-10,-12,-11,-7,-17,0,-8,0,-4,0,-23,0,-11,7,7,12,0,9,13,15,0,0,0,0,0,0,-15,0,0,0,0,0,0,0,0,0,0,44,44,59,61,79,79,79,79,85,79,88,74,68,37,30,37,26,31,79,74,74,74,79,74,75,75,85,86,89,76,77,34,34,34,34,34,34,34,41,41,41,41,41,41,41,16,34,8,8,0,34,8,8,8,8,8,8,8,8,0,0,0,8,0,0,0,8,8,8,8,8,8,8,0,0,0,0,0,0]} 1. e4 e6 2. d4 d5 3. Nd2 c5 4. Ngf3 cxd4 5. exd5 Qxd5 6. Bc4 Qd8 7. O-O a6 8. Nb3 {C07: French Tarrasch: 3...c5, 4 Ngf3 and 4 exd5 Qxd5} Nc6 9. Nbxd4 Nxd4 10. Nxd4 Qc7 11. Bd3 (11. Bb3 Bd6 12. Qh5 Nf6 13. Qh4 Bd7 14. Bg5 O-O-O 15. Rad1 h6 16. Bxf6 gxf6 {½-½ (24) Navara,D (2737)-Harikrishna,P (2737) Biel 2017}) 11... Nf6 12. Re1 Bd7 {LiveBook: 9 Games} 13. Qf3 O-O-O 14. Bf4 Bd6 15. Bxd6 Qxd6 16. c3 Qc7 17. Qe2 $146 ({Predecessor:} 17. b4 Kb8 18. b5 axb5 19. Nxb5 Bxb5 20. Bxb5 {½-½ (51) Bugalski,M (2250)-Zaleski,L (2267) Polanica Zdroj 2017}) 17... Rhe8 18. Qe5 h6 19. h3 Qxe5 20. Rxe5 Kc7 21. Bc4 Bc6 22. Nxc6 Kxc6 23. Re2 Rd6 24. g3 Red8 25. Kg2 Nd7 26. Bb3 Nc5 27. Bc2 Kc7 28. Rae1 Rd2 (28... Rb6 $5 {[%cal Rb6b2]}) 29. Kf3 R8d6 (29... R2d5 {is interesting.} 30. Kg2 Nd3 31. Rb1 Ne5 32. Bb3 Rc5) 30. Rxd2 Rxd2 $11 {[%mdl 4096] Endgame KRB-KRN} 31. Re2 Rd6 32. Ke3 Rb6 33. b4 Nd7 34. Bb3 a5 35. a3 Ra6 36. Kd4 axb4 37. axb4 Ra1 38. c4 {[%cal Bc3c4,Bc4c5][%mdl 32]} Rb1 39. Kc3 g5 40. Re3 Rf1 41. Rf3 f5 42. c5 Nf8 43. b5 {[%cal Bb4b5,Bb5b6][%mdl 32]} Nd7 44. b6+ Kd8 45. Bxe6 Nxc5 46. Bxf5 Na4+ 47. Kd4 Nxb6 48. Be4 Rd1+ 49. Kc3 Nd5+ 50. Kc4 b5+ 51. Kxb5 Ke7 52. Kc4 Nf6 53. Bf5 Rd2 54. Kc3 Rd5 55. Re3+ Kf8 56. Bc2 (56. Bd3 {is more complex.} Rd6 57. Kd2 Kg7 58. Re7+ Kf8 59. Re5) 56... Rd6 57. Bb3 (57. Re2 {with more complications.} Nd5+ 58. Kc4 Nf6 59. Bd3 Kf7 60. Re5) 57... Nd5+ 58. Bxd5 $1 Rxd5 $14 {KR-KR} 59. Rd3 Rf5 60. Rd2 Kg7 61. Kd3 Re5 62. Re2 Ra5 63. Ke4 h5 64. Rb2 Ra4+ 65. Kf5 Ra5+ 66. Ke4 Ra4+ 67. Ke3 Ra3+ {The position is equal.} 68. Ke2 h4 69. Rb7+ Kg6 70. Rb6+ Kg7 71. Rb7+ Kg6 72. Rb6+ Kg7 73. Rb5 Kg6 74. Rb6+ Kg7 75. gxh4 gxh4 76. f3 Ra2+ $1 77. Ke3 Rh2 78. Kf4 Rxh3 79. Kg4 Rg3+ 80. Kxh4 Rxf3 {Precision: White = 61%, Black = 76%.} 1/2-1/2

[Event "FIDE World Cup 2017"]
[Site "Tbilisi"]
[Date "2017.09.05"]
[Round "1.3"]
[White "Palac, Mladen"]
[Black "Nepomniachtchi, Ian"]
[Result "1/2-1/2"]
[WhiteElo "2535"]
[BlackElo "2741"]
[Annotator "TA"]
[PlyCount "61"]
[EventDate "2017.??.??"]
[EventType "k.o."]
[EventCountry "GEO"]
[SourceTitle "playchess.com"]
[Source "ChessBase"]
[SourceQuality "1"]

{[%evp 30,61,21,22,26,21,32,33,33,33,60,21,48,29,115,96,98,100,111,91,121,122,118,0,0,0,0,0,0,-18,-18,-25,0,-23]} 1. e4 c5 2. Nf3 d6 3. d4 cxd4 4. Nxd4 Nf6 5. Nc3 a6 6. Be3 Ng4 7. Bc1 Nf6 8. Be3 Ng4 9. Bg5 h6 10. Bh4 g5 11. Bg3 Bg7 12. h3 Ne5 13. Qd2 {B90: Sicilian Najdorf: Unusual White 6th moves, 6 Be3 Ng4 and 6 Be3 e5} (13. Nf5 Bxf5 14. exf5 Nbc6 15. Nd5 e6 16. fxe6 fxe6 17. Ne3 Qa5+ 18. c3 Nf3+ 19. Qxf3 Bxc3+ 20. Kd1 Qa4+ 21. Nc2 Bxb2 {½-½ (62) Nakamura,H (2785)-Grischuk,A (2742) Sharjah 2017}) 13... Nbc6 14. O-O-O Nxd4 15. Qxd4 Be6 16. Nd5 {LiveBook: 7 Games} Rc8 17. f4 Bxd5 18. exd5 gxf4 $146 ({Predecessor:} 18... Qc7 19. c3 gxf4 20. Bxf4 Bf6 {½-½ (48) Oliveira (2566)-Poehr,A (2410) ICCF email 2010}) 19. Bxf4 Kf8 {aiming for ...Nc4.} 20. Qf2 Qa5 21. a3 Rc5 {[#]} (21... Nd7 $11) 22. Bd2 $1 $16 {[%cal Rd2a5]} Qa4 {[%csl Gc5][%cal Ra4c2]} 23. Be3 Rc8 24. Kb1 Qe4 25. Rd4 Qg6 26. Bd3 (26. Rf4 $16) 26... Nxd3 $11 27. Rxd3 Qf6 $1 {[%cal Rf6b2]} 28. Qxf6 Bxf6 29. Bd4 Bxd4 30. Rxd4 h5 31. Rf1 {Precision: White = 63%, Black = 50%.} 1/2-1/2

[Event "FIDE World Cup 2017"]
[Site "Tbilisi"]
[Date "2017.09.05"]
[Round "1.4"]
[White "Harikrishna, P."]
[Black "Gonzalez Vidal, Yuri"]
[Result "1/2-1/2"]
[WhiteElo "2741"]
[BlackElo "2547"]
[Annotator "TA"]
[PlyCount "176"]
[EventDate "2017.??.??"]
[EventType "k.o."]
[EventCountry "GEO"]
[SourceTitle "playchess.com"]
[Source "ChessBase"]
[SourceQuality "1"]

{[%evp 23,176,17,44,8,8,0,0,0,0,0,0,-6,0,-26,-18,-16,-10,-25,-7,0,0,-16,0,0,10,-4,0,-8,0,-12,0,0,0,-31,0,0,0,0,0,0,0,0,0,0,0,0,0,0,0,0,0,-8,0,0,0,0,0,-8,0,0,0,-13,-10,-22,0,-6,0,0,0,0,0,0,0,0,0,0,0,0,0,-293,-293,-293,-293,-293,-293,-358,-357,-355,-345,-513,-497,-406,-396,-688,-616,-1432,-1391,-1713,-1554,-1470,-1483,-1553,-1528,-1524,-1530,-916,-1302,-5197,-1517,-1517,-1443,-1293,-1269,-962,-955,-883,-757,-542,-8,-8,-8,-8,-8,-8,-8,-8,-8,-8,-8,-8,-8,-8,-8,-8,-8,-8,-8,-8,0,-8,0,-8,-8,-8,-8,-8,-8,-8,-8,-8,-8,-8,-8,-8,-8]} 1. e4 e5 2. Nf3 Nc6 3. Bc4 Nf6 4. d3 Be7 5. O-O O-O 6. Re1 d6 7. a4 Na5 8. Ba2 {C55: Two Knights: 4 d3, 4 d4 exd4 5 e5 and Max Lange Attack} c5 9. c3 Nc6 10. Na3 {[%cal Bb1a3,Ba3c4,Bc4e3,Be3g4][%mdl 32]} h6 (10... a6 11. Bd2 Rb8 12. Nc2 Be6 13. Bxe6 fxe6 14. b4 b5 15. Qe2 Qd7 {½-½ (54) Duda,J (2707)-Naiditsch,A (2710) Linares 2017}) 11. h3 Re8 12. Bd2 a6 {LiveBook: 3 Games} 13. Nc4 Be6 14. Ne3 Bxa2 15. Rxa2 d5 16. exd5 Nxd5 {And now ...Nf4 would win.} 17. Ng4 $146 Nf4 18. Bxf4 (18. Nfxe5 $5 {[%cal Rd2f4]} Qd5 19. Bxf4 Qxa2 20. b3 Nxe5 21. Nxe5 $11) 18... exf4 19. Ra1 Qd5 20. Nge5 Rad8 21. Nxc6 Qxc6 22. Qc2 Bd6 23. Rxe8+ Rxe8 24. Re1 Rxe1+ 25. Nxe1 Qd5 26. b3 Be5 (26... g5 {is interesting.} 27. Nf3 Qf5 28. Qe2 Kf8 29. Kf1 b6) 27. Nf3 Bf6 28. Kf1 (28. d4 $5) 28... Kf8 29. d4 cxd4 30. cxd4 Ke7 31. Qc4 Kd6 32. Ke2 h5 33. Kd3 b5 34. axb5 axb5 35. Qc3 Qf5+ 36. Kd2 Qd5 37. h4 g6 38. Ke2 Qe4+ (38... Qc6 $5 {[%cal Rc6c3]} 39. Qb4+ Ke6 $11) 39. Kd2 Qd5 40. Qb4+ Ke6 41. Qc3 Kd6 42. Qd3 Bd8 43. Ke2 Bf6 44. Kf1 Ke7 45. Qc3 Kd6 46. Kg1 Kd7 47. Kh2 Kd6 48. Kh1 Kd7 49. Kg1 Kd6 50. Kf1 Kd7 51. b4 $2 {[%mdl 8192]} (51. Kg1 $11) 51... Qc4+ $19 52. Qxc4 bxc4 {[%mdl 4096] Endgame KB-KN} 53. Ke2 Kc6 54. Kd2 Kb5 55. Kc3 Be7 56. Ne5 (56. Ng5 $142 Bxb4+ 57. Kc2) 56... Bxb4+ 57. Kc2 Be1 58. Nxf7 $2 (58. f3 Bxh4 59. Kc3) 58... Bxf2 59. Ne5 Bxh4 60. Nxg6 Bg3 61. Ne5 Bf2 62. Kc3 Be1+ 63. Kc2 Ba5 64. Ng6 Bc7 65. Kc3 {[#]} Bd6 (65... f3 $142 $1 {[%mdl 512]} 66. gxf3 Bg3) 66. Nh4 Bb4+ 67. Kc2 Kc6 68. Ng6 Bd6 69. Kd2 Kd5 70. Kc3 {[#]} f3 $1 {[%mdl 512]} 71. gxf3 $11 {The position is equal.} Bg3 {Threatens to win with ...h4.} 72. Ne7+ Ke6 73. Ng6 $1 Kf6 74. Kxc4 Kxg6 {KB-KPP} 75. Kd3 $1 h4 76. Ke2 $1 h3 {( -> ...h2)} 77. Kf1 Bh2 {[#]} 78. f4 $1 {[%mdl 512]} Kf5 (78... Bxf4 79. Kg1) 79. d5 $1 Kf6 80. Kf2 Kf5 (80... Bxf4 $2 81. Kg1 $19) 81. Kf1 Kf6 82. Kf2 Kg6 83. Kf1 Kf5 84. Kf2 Kxf4 85. d6 Kg4 86. d7 Bc7 87. Kg1 (87. d8=Q $5 Bxd8 88. Kg1 $11) 87... Kf5 88. Kh1 (88. d8=Q $5 Bxd8 89. Kh2 $11) 88... Ke6 {Precision: White = 62%, Black = 52%.} 1/2-1/2

[Event "FIDE World Cup 2017"]
[Site "Tbilisi"]
[Date "2017.09.05"]
[Round "1.4"]
[White "Nepomniachtchi, Ian"]
[Black "Palac, Mladen"]
[Result "1/2-1/2"]
[WhiteElo "2741"]
[BlackElo "2535"]
[Annotator "TA"]
[PlyCount "63"]
[EventDate "2017.??.??"]
[EventType "k.o."]
[EventCountry "GEO"]
[SourceTitle "playchess.com"]
[Source "ChessBase"]
[SourceQuality "1"]

{[%evp 17,63,-19,15,5,20,11,16,0,22,14,42,16,6,21,30,29,43,35,57,16,41,32,29,25,17,-14,-11,-25,-23,-20,0,-29,0,-42,-42,-67,0,-17,0,-4,0,-12,-18,-32,-10,-120,-128,-122]} 1. e4 c5 2. Nf3 d6 3. d4 cxd4 4. Nxd4 Nf6 5. Nc3 a6 6. Nb3 e6 {B90: Sicilian Najdorf: Unusual White 6th moves, 6 Be3 Ng4 and 6 Be3 e5} (6... e5 7. Bg5 Be7 8. Bxf6 Bxf6 9. Qd3 Be6 10. O-O-O Be7 11. Nd5 Bxd5 12. Qxd5 Qc7 13. Kb1 O-O 14. Na5 Nc6 15. Nc4 Rad8 {1-0 (50) Grischuk,A (2737)-Nepomniachtchi,I (2767) Doha 2016}) 7. g4 b5 8. Bg2 Bb7 9. g5 Nfd7 {LiveBook: 8 Games} 10. a3 Be7 11. O-O Nc6 12. f4 O-O 13. Qh5 g6 14. Qh6 $146 ({Find the theoretical novelty and annotate with similar games:} 14. Qe2) 14... Re8 15. Be3 Rc8 16. Rad1 b4 17. axb4 Nxb4 18. Rf2 (18. Rd2 {is more complex.} Bf8 19. Qh4 h5 20. Qf2 Qc7 21. h4) 18... Qc7 19. Qh3 (19. Rdf1 {is interesting.} Bf8 20. Qh3 Bg7 21. Bd4 e5 22. fxe5 Nxe5 23. Bxe5 Rxe5 24. Rxf7 Re7 25. Rxe7 Qxe7 26. Na5) 19... Bf8 20. Rdf1 Bg7 21. f5 Ne5 22. fxe6 fxe6 23. Nd4 Qd7 24. Rd1 Re7 25. Nb3 Qc7 26. Nd4 Qd7 (26... Rce8 $1 $15 27. Bf1 Nc4 28. Bxc4 Qxc4) 27. Qg3 Rf8 28. Rxf8+ Kxf8 29. Bh3 {[#] Nxe6+ is the strong threat.} Qe8 30. b3 Kg8 31. Nde2 (31. Bf4 $11) 31... Nxc2 $17 32. Rxd6 {Precision: White = 28%, Black = 52%.} 1/2-1/2

[Event "FIDE World Cup 2017"]
[Site "Tbilisi"]
[Date "2017.09.05"]
[Round "1.4"]
[White "Ivanchuk, Vassily"]
[Black "Kazhgaleyev, Murtas"]
[Result "1-0"]
[WhiteElo "2727"]
[BlackElo "2570"]
[Annotator "TA"]
[PlyCount "87"]
[EventDate "2017.??.??"]
[EventType "k.o."]
[EventCountry "GEO"]
[SourceTitle "playchess.com"]
[Source "ChessBase"]
[SourceQuality "1"]

{[%evp 22,87,17,7,58,62,96,102,85,78,76,89,85,75,115,102,116,85,95,56,91,83,76,85,60,69,54,71,85,18,61,76,135,128,332,147,161,171,342,334,297,321,639,590,610,457,432,231,472,434,602,572,599,455,763,755,755,754,739,727,702,642,1104,1098,1148,851,1602,1574]} 1. d4 Nf6 2. c4 g6 3. Nc3 Bg7 4. e4 O-O 5. Bd3 d6 6. Nge2 Nc6 7. O-O e5 8. d5 Nd4 9. Nxd4 exd4 10. Ne2 Re8 11. f3 c5 12. Bg5 b5 $146 {E70: King's Indian: Miscellaneous lines with 4 e4, including 5 Nge2 and 5 Bd3 0-0 6 Nge2} (12... h6 $11 13. Bf4 Qe7) ({Predecessor:} 12... Qc7 13. Qd2 Nd7 14. f4 b5 15. b3 bxc4 16. bxc4 Nf6 17. Bxf6 Bxf6 18. Ng3 Rb8 19. Rae1 Bg7 20. Kh1 {½-½ (50) Moiseenko,A (2710)-Fier,A (2628) Biel 2015}) 13. cxb5 $14 a6 14. a4 {[%cal Ba2a4,Ba4b5][%mdl 32]} Qc7 {White is better.} 15. Qc2 Nd7 {[#]} 16. Bf4 $1 axb5 17. axb5 Rb8 18. b4 Qb6 19. Rfc1 Bb7 20. Qd2 Rbc8 21. Rab1 Ra8 22. Kh1 $36 {[%mdl 2048] White is really pushing.} Ra3 23. Bc4 Rea8 24. bxc5 dxc5 25. h3 (25. Ng1 $16) 25... h5 26. Rc2 Kh7 (26... Qf6 $142) 27. Nc1 $16 f5 $2 {[#]} (27... R8a4 $16 28. Nd3 Rc3) 28. Nd3 (28. exf5 $18 {is the precise move to win. Strongly threatening Nb3.} gxf5 29. d6) 28... fxe4 29. fxe4 Nf6 $2 (29... Qd8 {was necessary.} 30. b6 Nxb6) 30. Re1 $18 Re8 31. Ne5 g5 $2 (31... Qa5 32. Qxa5 Rxa5) 32. Bh2 Qa5 {intending ...Qxd2.} 33. Qxa5 Rxa5 34. Bf1 (34. Nc6 $142 Ra3 35. e5) 34... Nxe4 $2 (34... Ra3 {was called for.}) 35. Bd3 {White is clearly winning.} ({Inferior is} 35. Rxe4 Ra1 $17) 35... Bxd5 36. Rxc5 $1 ({Stronger than} 36. Rxe4 Bxe4 37. Bxe4+ Kg8 $14) 36... Ba8 37. Nc6 ({Weaker is} 37. Bxe4+ Bxe4 38. Rxe4 Ra1+ 39. Bg1 d3 $16) 37... Kh6 (37... Bxc6 $142 38. Rxc6 Rxb5) 38. Nxa5 Nf2+ 39. Kg1 Rxe1+ 40. Kxf2 Re3 41. Rc8 Bd5 42. Rd8 Be6 43. Bc4 Bf6 44. Rd6 {Precision: White = 58%, Black = 31%.} 1-0

[Event "FIDE World Cup 2017"]
[Site "Tbilisi"]
[Date "2017.09.05"]
[Round "1.4"]
[White "Howell, David W L"]
[Black "Tari, Aryan"]
[Result "1/2-1/2"]
[WhiteElo "2701"]
[BlackElo "2588"]
[Annotator "TA"]
[PlyCount "100"]
[EventDate "2017.??.??"]
[EventType "k.o."]
[EventCountry "GEO"]
[SourceTitle "playchess.com"]
[Source "ChessBase"]
[SourceQuality "1"]

{[%evp 21,100,6,18,11,10,6,13,3,22,15,34,14,15,5,18,12,15,0,30,24,31,26,27,32,26,30,54,0,75,77,231,183,218,196,209,213,198,112,175,164,189,42,39,21,69,45,64,68,116,14,20,13,17,22,24,0,0,0,0,-41,-41,-41,-16,-12,-16,-26,-4,-41,-41,-41,-41,-41,-41,-41,-41,-41,-41,-41,-41,-41,0]} 1. c4 e5 2. Nc3 Nf6 3. Nf3 Nc6 4. e3 Bb4 5. Qc2 Bxc3 6. Qxc3 Qe7 7. Be2 d5 {A28: English Opening: Four Knights Variation} 8. d4 exd4 9. Nxd4 Nxd4 10. Qxd4 c5 11. Qh4 dxc4 {LiveBook: 3 Games} 12. Qxc4 (12. Bxc4 Be6 13. Be2 Nd5 14. Bb5+ Kf8 15. Qe4 Bd7 16. Qc4 Be6 17. Qe4 Bd7 18. Qc4 Be6 {½-½ (18) Giri,A (2775)-Aronian,L (2809) Geneve 2017}) 12... O-O 13. O-O b6 $146 ({Predecessor:} 13... Rd8 14. Qc2 b6 15. b3 a5 16. Bb2 Ba6 17. Bxa6 Rxa6 18. Rad1 Raa8 19. h3 h6 20. Rfe1 Rxd1 21. Rxd1 {½-½ (21) Scherer,R (2589)-Korabliov,A (2423) ICCF email 2013}) 14. Rd1 a5 (14... Be6 $5 {[%cal Re6c4]} 15. Qh4 Rad8 $14) 15. Qb3 Qc7 16. f3 {[%cal Bf2f3,Bf3f4,Bf4f5][%mdl 32]} Be6 17. Qc2 Nd5 18. a3 Rfd8 19. Bf1 Qe5 20. e4 Ne7 21. f4 Qc7 22. f5 Rxd1 23. Qxd1 Bd7 24. Bg5 (24. Bd2 $14) 24... f6 (24... Nc6 $11) 25. Bh4 $36 {[%mdl 2048] Black is under strong pressure.} Nc6 $2 (25... Bc6 $16 {was necessary.}) 26. Bg3 Qd8 {[#]} 27. Qd5+ $1 Kh8 28. Bb5 Qc8 29. Qd6 ({White should try} 29. Rd1 $18 Be8 30. Qd6) 29... h6 (29... Ra7 $16) 30. Re1 Ra7 31. h3 (31. Bc4 $18) 31... Nd4 $14 32. Bxd7 Rxd7 33. Qxb6 Rb7 $1 {[%cal Rb7b6]} 34. Qa6 Qd7 {[#]} 35. Qxa5 (35. e5 $1 $16 {[%cal Re5e6]} fxe5 36. Bxe5 Nxf5 37. Rf1 (37. Qxa5 Qd5 $16)) 35... Rxb2 $11 36. Qxc5 Ne2+ 37. Kh2 {And now Qe3 would win.} Qd3 $1 {[%cal Rd3g3]} ({Don't play} 37... Nxg3 $6 38. Qc3 $16 (38. Kxg3 Qd2 $14)) 38. Qf2 {aiming for e5.} Qxe4 39. a4 {Threatens to win with a5.} Qd3 40. Qf3 (40. a5 $5 {[%cal Re1a1]}) 40... Qxf3 41. gxf3 $15 {[%mdl 4096] Endgame KRB-KRN} Nd4+ 42. Kh1 Ra2 43. Re4 Rxa4 (43... Nxf5 {looks sharper.} 44. Bc7 Kg8 45. a5 Kf7 46. Kg1 h5) 44. Be1 (44. Rf4 {keeps more tension.} h5 45. Bf2 Ra1+ 46. Kg2 Nc6 47. Rh4) 44... Ra1 $1 {Black is slightly better.} 45. Rxd4 {Black must now prevent Re4.} Rxe1+ {KR-KR} 46. Kg2 Re5 47. Rf4 Kh7 48. Kg3 h5 49. h4 Kh6 50. Kf2 g5 {Precision: White = 57%, Black = 53%.} 1/2-1/2